000
00283nam a2200109Ia 4500
008
220204s9999 xx 000 0 und d
082
_a
547.7
_b
ARM
100
_a
W L F
245
0
_a
Stereochemistry of heterocyclic compounds. Pt 1
260
_a
New York
_b
John Wiley
_c
1977
942
_c
BK
999
_c
25718
_d
25718